01675 a2200181 4500020001500000020001800015082001000033100001900043245009900062250001200161260003600173300002100209500001500230520106300245700001801308856008101326856008601407 a013101028X a978013101028404a658.71 aChopra, Sunil.10aSupply chain management :bstrategy, planning, and operations, second edition /cSunil Chopra. a2nd ed. a[S.l.] :bPrentice Hall,c2003. a592 p. ;c26 cm. aHardcover. aFor advanced undergraduate and MBA courses in Supply Chain Management. This book brings together the strategic role of the supply chain, key strategic drivers of supply chain performance, and the tools and techniques for supply chain analysis. Every chapter gives suggestions that managers can use in practice and all methodologies are illustrated with an application in Excel. Fully updated material keeps the book on the forefront of supply chain management. Distribution networks (Chapter 4); Sourcing (Chapter 13), discusses different sourcing activities including supplier assessment, supplier contracts, design collaboration, and procurement; Price and revenue management (Chapter 15); Early coverage of designing the supply chain network—after developing a strategic framework, readers can discuss supply chain network design in Chapters 5 and 6 and then move on to demand, supply, inventory, and transportation planning; Information Technology in the Supply Chain (Chapter 17). For business professionals managing the supply chain aMeindl, Peter 3Amazon.comuhttp://www.amazon.com/exec/obidos/ASIN/013101028X/chopaconline-2 3Amazon customer reviewsuhttp://www.chopac.org/cgi-bin/tools/azrev.pl?q=013101028